| 000 | | | 03503nmc2a2200000 x 450 |
| 001 | | | fc234db3-036c-468e-a7ae-dd488beb80f1 |
| 005 | | | 20160105184811.0 |
| 100 | ## | $a | 20150224l18841884k l0rusy0189 ca |
| 101 | 0# | $a | rus |
| 102 | ## | $a | RU |
| 200 | 1# | $a | Дело по прошению поверенного крестьян помещицы графини Стенбок-Фермор сельца Штатного Балахнинского уезда Нижегородской губернии |
| | $j | 12 июня - 12 июля 1884 г. |
| 251 | ## | $c | Дело |
| 300 | ## | $a | Дело |
| 801 | #0 | $a | RU |
| | $b | РГИА |
| | $c | 20150224 |
| | $g | RCR |
| 801 | #1 | $a | RU |
| | $b | ГлавНИВЦ |
| | $c | 20150224 |
| | $2 | rusmarc |
| 801 | #2 | $a | RU |
| | $b | ПБ им. Б.Н. Ельцина |
| | $c | 20160105 |
| | $g | RCR |
| | $2 | rusmarc |
| 850 | ## | $a | РГИА |
| 852 | ## | $a | РГИА |
| | $e | Федеральное казенное учреждение "Российский государственный исторический архив" (РГИА) |
| | $j | 1003 |
| 937 | ## | $h | РГИА |
| | $d | 11191561 |
| | $a | ASBIBLIO_SCAN |
| 462 | #0 | $1 | 0013826a62a-52d3-408e-b545-2019664385f0 |
| | $1 | 2001 |
| | $a | 1861-1895 гг. |
| | $1 | 251 |
| | $c | Опись |
| | $1 | 852 |
| | $j | 50 |
| 461 | #0 | $1 | 0018ef30ad5-ff5c-4840-a721-74c62a200f95 |
| | $1 | 2001 |
| | $a | Главное выкупное учреждение Министерства финансов |
| | $1 | 251 |
| | $c | Фонд |
| | $1 | 852 |
| | $j | 577 |
| 215 | ## | $a | 6 л. |
| | $d | 36,5х26 см |
| 371 | ## | $a | Документ не является опубликованным и широко распространяемым |
| 105 | ## | $a | y### |
| 122 | 2# | $a | d |
| 035 | ## | $a | fc234db3-036c-468e-a7ae-dd488beb80f1 |